000 01239nam a22001937a 4500
999 _c205
_d205
005 20181115205751.0
008 181115b ||||| |||| 00| 0 eng d
020 _a9789587820515
082 _a340.1 C961p
245 _aLa psicología jurídica :
_buna fuente interdisciplinaria del derecho en Colombia /
_cMaría Isabel Cuartas Giraldo
260 _aBogotá :
_bUSTA ,
_c2017
300 _a145 p.
_c25 cm.
520 _aEl objetivo de este trabajo consiste encontrar las razones epistemológicas, fenomenológicas y éticas que justifiquen la ubicación de la psicología jurídica como una fuente interdisciplinaria del derecho en el sistema jurídico colombiano. Para ello, se realiza una indagación iusfilosófica tripartita que cuestiona a la psicología jurídica a propósito de su estructura epistemológica, de los fenómenos que estudia, comprende, analiza y explica (PicologíaCeintífica.com, 2011) y, finalmente, acerca de los fundamentos, principios y límites éticos de su función social y científica Información tomada de la introducción
650 0 _9239
_aPsicología aplicada
650 0 _9242
_aTeoría del derecho
650 0 _9241
_aTeoría del conocimiento
650 0 _9240
_aIntuición
942 _2ddc
_cBK